[Event "Linares m"]
[Site "Linares"]
[Date "1992.??.??"]
[Round "1"]
[White "Ivanchuk, Vassily"]
[Black "Anand, Viswanathan"]
[Result "0-1"]
[WhiteElo "2720"]
[BlackElo "2690"]
[Annotator "Anand,V"]
[PlyCount "90"]
[EventDate "1992.09.??"]
[EventType "match"]
[EventRounds "8"]
[EventCountry "ESP"]
[SourceTitle "CBM 031"]
[Source "ChessBase"]
[SourceDate "1992.12.01"]
[SourceVersion "1"]
[SourceVersionDate "1992.12.01"]
[SourceQuality "1"]

1. e4 c5 2. Nf3 d6 3. d4 cxd4 4. Nxd4 Nf6 5. Nc3 Nc6 6. Bg5 e6 7. Qd2 a6 8.
O-O-O h6 {I had prepared this variation for the match. I can't recall having
played it before so I can hardly imagine Ivanchuk preparing this variation
deeply. Still Ivanchuk blitzed his next few moves out and in fact the whole
game!} 9. Be3 Nxd4 10. Bxd4 b5 11. f3 Qa5 12. a3 $146 (12. Qf2 b4 13. Bb6 Qg5+
14. Be3 Qa5 {Is a popular variation for players who feel like an early dinner!}
) (12. Kb1 b4 13. Bxf6 (13. Ne2 e5 14. Be3 Be6 15. Nc1 d5 {And Black was
better in Anand-Dlugy 1986!}) 13... gxf6 14. Ne2 Bb7 {Cheshkovsky-Khalifman})
12... e5 13. Be3 Be6 14. Kb1 Be7 15. g4 (15. h4 $142 Rb8 16. Nd5 Qxd2 17. Nxf6+
gxf6 18. Rxd2 f5 $13) 15... Rb8 (15... b4 $5 16. Na2 (16. Nd5 Bxd5 17. exd5 Rb8
) (16. axb4 Qxb4 17. Nd5 Nxd5 18. exd5 Qxd2 19. Rxd2 Bd7) 16... d5 17. axb4 Qc7
$44 {I wasn't feeling quite awake at this point and so I played the `solid'15..
.Rb8}) 16. Nd5 Qxd2 17. Nxf6+ $2 {In conjunction with 15.g4 this is a terrible
move. I suspect Ivanchuk hadn't woken up either!} (17. Rxd2 $1 $10) 17... gxf6
$3 {But now we were both wide awake!} (17... Bxf6 18. Rxd2 Ke7 19. h4 $14) 18.
Rxd2 h5 $1 19. Rg1 (19. Be2 hxg4 20. fxg4 Rh3 $17) 19... hxg4 20. fxg4 Bc4 $3
$17 {In time to stop white getting some sort of fortress in the kingside.
Black's `bad' bishop will protect his pawns while he exchanges towards
connected h and g passers} (20... Kd7 $2 21. h3 $13) 21. b3 (21. Bxc4 bxc4 22.
Rd5 Rb5 $17) 21... Bxf1 22. Rxf1 Rh3 23. Re2 (23. Bg1 $1 Kd7 24. Rd3 Rh4 $1 (
24... Rxd3 25. cxd3 Rh8 26. Rf3 d5 $13) 25. Rg3 (25. h3 Rbh8 26. Rff3 f5 $1 27.
Rxf5 Rxh3 $17) 25... Rg8 26. h3 Rgh8 27. Rff3 f5 $1 28. exf5 (28. Rxf5 Rxh3 29.
Rxh3 Rxh3 30. Bf2 (30. Rxf7 $2 Rh1 31. Rf1 Bg5 32. Re1 Bd2 $19) 30... Ke6 $17 {
>< Pe4,g4}) 28... e4 29. Re3 (29. Rc3 $2 Bf6) 29... d5 $17) 23... Kd7 24. g5
Ke6 25. gxf6 Bxf6 26. Bd2 Be7 $1 {simple and best} (26... Bh4 27. Bb4) (26...
Rg8 27. Ref2 Be7 28. Rxf7 Rg4) 27. Be1 f6 28. Bg3 d5 29. exd5+ Kxd5 30. Rf5 $1
{forces Black to lose some time} Kc6 $8 (30... Ke6 $2 31. Bxe5 Re8 32. Rxf6+) (
30... Rb7 $2 31. Bxe5 Ke6 (31... fxe5 32. Rfxe5+ Kd6 33. Re6+ Kd5 34. Rxe7) 32.
Bxf6+ Kxf5 33. Bxe7 $10) 31. Ref2 $2 (31. Rf3 $1 Rh7 32. Rc3+ Kb7 {The king
belongs on e6 and Black would have a hard technical task ahead}) 31... Rh6 32.
Kb2 Kd7 33. Re2 Bd6 34. Rf3 Rc8 $1 (34... Ke6 35. Rc3 {/\Rc6}) 35. Be1 Ke6 {
Mission accomplished!} 36. Rd3 Rh7 37. Rg3 Bc5 38. Ka2 Rd7 39. Rc3 Rcc7 (39...
Rd1 $2 40. Bf2 Bxf2 41. Rxc8 Bd4 42. c3 $16) 40. h4 Rd1 41. Bf2 Bd6 42. Rg3 e4
$1 $19 43. Rxe4+ (43. Rg1 Rxg1 44. Bxg1 f5) 43... Be5 44. Rxe5+ (44. c3 Rd2+
45. Kb1 Rxf2 $19) 44... fxe5 45. Kb2 Rd2 0-1

[Event "Linares m"]
[Site "Linares"]
[Date "1992.??.??"]
[Round "5"]
[White "Ivanchuk, Vassily"]
[Black "Anand, Viswanathan"]
[Result "1/2-1/2"]
[WhiteElo "2720"]
[BlackElo "2690"]
[Annotator "Anand,V"]
[PlyCount "51"]
[EventDate "1992.09.??"]
[EventType "match"]
[EventRounds "8"]
[EventCountry "ESP"]
[SourceTitle "CBM 031"]
[Source "ChessBase"]
[SourceDate "1992.12.01"]
[SourceVersion "1"]
[SourceVersionDate "1992.12.01"]
[SourceQuality "1"]

1. e4 c5 2. Nf3 d6 3. d4 cxd4 4. Nxd4 Nf6 5. Nc3 Nc6 6. Bg5 e6 7. Qd2 a6 8.
O-O-O h6 9. Be3 Nxd4 10. Bxd4 b5 11. Kb1 $5 Bb7 (11... b4 12. Na4 Nxe4 (12...
Rb8 13. e5 $1 dxe5 (13... Nd5 14. Bc4 Bb7 15. Rhe1 $16) 14. Bxe5 Bd7 (14...
Qxd2 15. Rxd2 $16) 15. Qf4 $1 Ra8 16. Bc7 $18) 13. Qxb4 $16 (13. Qe3 d5 14. f3
Nf6 15. g4 $5)) 12. f3 Be7 (12... Bc6 $5 13. Qf2 (13. h4 b4 14. Ne2 e5 15. Be3
d5) 13... b4 14. Ne2 Qc7 15. g4 $140 e5 16. Be3 d5) 13. g4 Bc6 14. Qf2 $1 Qb8 (
14... Qc7 $5 15. Bd3 b4 16. Ne2 e5 17. Bb6 Qb7 18. Ng3 $14) 15. h4 b4 16. Ne2
e5 17. Be3 d5 18. Ng3 $6 (18. Bc5 $1 $16 d4 19. Bxe7 Kxe7 20. Ng3 $1 (20. Nxd4
exd4 21. Qxd4 Nd7 $1 (21... Rc8 22. g5) 22. Qxg7 Qf4 $1 $13) 20... g6 21. Bd3 {
/\ g5,f4 ->}) 18... d4 $8 (18... dxe4 $2 19. Bc5 Qc7 20. Nf5) 19. Bc1 g6 20.
Bh3 $2 (20. Bd3 $1 {/\ g4-g5, f3-f4}) 20... Nd7 21. g5 h5 22. f4 O-O $1 23.
Rhe1 (23. fxe5 Nxe5 24. Qxd4 Rd8 $44) (23. Bxd7 Bxd7 24. fxe5 Bg4 $1) 23... Qc7
24. fxe5 (24. f5 Nc5 $1 $132 {><e4} (24... a5 25. Nxh5 gxh5 26. f6 Bc5 27. Qf3
$40)) 24... Nxe5 25. Bf4 Bc5 26. Bf1 (26. Bf1 $6 Ng4 $1 {Considering that
Chuckie had less than ten minutes here and my position was slightly better I
should have played on. I was relieved to have escaped and agreed quickly} 27.
Qf3 (27. Qd2 Bd6 28. Bxd6 Qxd6) 27... Bd6 28. Bxd6 Qxd6 $15) 1/2-1/2

[Event "Linares 14th"]
[Site "Linares"]
[Date "1997.02.16"]
[Round "11"]
[White "Anand, Viswanathan"]
[Black "Dreev, Alexey"]
[Result "1-0"]
[WhiteElo "2765"]
[BlackElo "2650"]
[Annotator "Anand,V"]
[PlyCount "51"]
[EventDate "1997.02.04"]
[EventType "tourn"]
[EventRounds "11"]
[EventCountry "ESP"]
[EventCategory "18"]
[SourceTitle "CBM 057"]
[Source "ChessBase"]
[SourceDate "1997.04.01"]
[SourceVersion "1"]
[SourceVersionDate "1997.04.01"]
[SourceQuality "1"]

{This game was played in the last round after Dreev had suffered 2 consecutive
defeats. It was also my last chance to end up on 50%, so I was quite
determined to give it my all.} 1. e4 c5 2. Nf3 Nc6 3. d4 cxd4 4. Nxd4 Nf6 5.
Nc3 d6 6. Bg5 e6 7. Qd2 a6 {Dreev's prepared variation for this tournament -
he played it against Shirov, Polgar and me (Adams deviated early with 6.g3)} 8.
O-O-O Bd7 9. f3 (9. f4 b5 10. Nxc6 Bxc6 11. Bd3 Be7 {Polgar,J-Dreev,A 14th
Ciudad de Linares 1997}) 9... h6 10. Be3 Qc7 (10... b5 11. Nxc6 Bxc6 12. Ne2 e5
13. c4 Rc8 14. Nc3 b4 15. Nd5 Bxd5 16. exd5 Rb8 17. f4 (17. Kb1 $1 {I think
this gives White an edge - he can follow up with g4 and h4, maybe Kb1 is not
even necessary at the beginning.}) 17... Qa5 18. fxe5 dxe5 19. d6 Qxa2 20. c5
Qa1+ 21. Kc2 Qa4+ 22. Kc1 {Shirov-Dreev was agreed drawn here}) 11. g4 Ne5 12.
h4 b5 13. Be2 $6 (13. Qg2 $1) 13... g6 14. g5 hxg5 15. hxg5 Rxh1 16. Rxh1 Nh5
17. Kb1 Ng3 {The right plan, but played with the wrong intentions - if he
wanted to play Nc4, he should never allow the White R to penetrate.
Nevertheless this is the right move.} (17... Nc4 18. Bxc4 Qxc4 19. b3 {/\
Nde2+/=}) 18. Rh7 Nc4 $2 (18... Nxe2 $1 19. Qxe2 b4 20. Nd1 Nc4 21. Bc1 e5 22.
Nb3 Be6 {With equal chances}) 19. Bxc4 Qxc4 20. b3 $16 Qf1+ $2 (20... Qc7 21.
Bf2 (21. Qe1 Nh5 22. Bc1 Rc8 $1 23. Nd5 Qc5 {This is slightly annoying for
White}) 21... Nh5 22. Nde2 $16 Bg7 (22... Rc8 23. Bd4 $1 {/\ Nf4}) 23. Bd4 $1)
21. Kb2 a5 (21... b4 22. Nd1) (21... e5 22. Ndxb5 $1 axb5 23. Qd5 $18) (21...
Rc8 22. Rh8 $1 {/\ Nany followed by Qd6+-} Ke7 23. Bf4 $1 Nh5 24. Nf5+ $1 $18)
22. Rh8 a4 (22... b4 23. Ncb5 $1 Bxb5 (23... a4 24. bxa4 $1 {Simplest}) 24.
Nxb5 a4 (24... Qxb5 25. Qxd6 $18) 25. bxa4 $1) 23. Ndxb5 $1 Bxb5 24. Nxb5 axb3
(24... a3+ 25. Nxa3 Qa6 26. Qb4 Kd7 27. Rxf8 $1 {Even Rh7 should suffice} Rxf8
28. Nc4 $18 {/\ Bb6} Qc6 29. Ne5+ $1) 25. Nxd6+ (25. cxb3 Qxb5 26. Qxd6 Qe2+
27. Bd2 $18) 25... Kd7 26. Nf5+ {The Q just crawls up the board (to b6) with
check and Qb7+ leads to mate. With this win, I finally came back to 50%!} 1-0

[Event "EU-Cup 16th"]
[Site "Neum"]
[Date "2000.09.28"]
[Round "5.6"]
[White "Hartman, Christer"]
[Black "Atalik, Suat"]
[Result "0-1"]
[WhiteElo "2316"]
[BlackElo "2549"]
[Annotator "Atalik,S"]
[PlyCount "74"]
[EventDate "2000.09.24"]
[EventType "team-swiss"]
[EventRounds "7"]
[EventCountry "BIH"]
[SourceTitle "CBM 080"]
[Source "ChessBase"]
[SourceDate "2001.01.25"]
[SourceVersion "1"]
[SourceVersionDate "2001.01.25"]
[SourceQuality "1"]
[WhiteTeam "Stockholm Rockaden"]
[BlackTeam "Sarajevo Bosna"]
[WhiteTeamCountry "SWE"]
[BlackTeamCountry "BIH"]

1. e4 c5 2. Nf3 d6 3. d4 cxd4 4. Nxd4 Nf6 5. Nc3 Nc6 6. Bg5 e6 7. Qd2 a6 8.
O-O-O Nxd4 9. Qxd4 Be7 10. f4 b5 11. Bxf6 gxf6 12. Bd3 $6 Qc7 13. Qe3 b4 14.
Ne2 (14. Na4 Qa7) 14... Qc5 15. Qg3 (15. Qxc5 dxc5 16. f5 Bd6) 15... Kf8 16.
Kb1 a5 17. Rc1 a4 18. c3 Rb8 19. Rhf1 (19. f5 exf5 $5 20. Qf3 (20. exf5 Bxf5
21. Bxf5 Qxf5+ 22. Ka1 Rg8 $17) 20... fxe4 21. Bxe4 Ba6 $17) 19... f5 20. Qe1
$2 (20. exf5 Bf6 (20... bxc3 $6 21. Nxc3 Bf6 22. Qf2 Bxc3 23. Qxc5 Rxb2+ 24.
Ka1 dxc5 25. Rxc3 Rxg2 26. Rxc5 $14) 21. c4 exf5 22. Qf2 Be6 23. Qxc5 dxc5 24.
Ng3 Rg8 $40) 20... fxe4 21. Bxe4 Ba6 22. Rf3 Bf6 23. Bd3 Bxd3+ (23... bxc3 24.
Nxc3 (24. Bxa6 $2 Rxb2+ 25. Ka1 Qa3 26. Bc4 Rxa2+) 24... Qb4 25. Qd2 Bb7 $15)
24. Rxd3 Qf5 25. Qd2 bxc3 26. Nxc3 Rb4 27. g3 $2 (27. Rf1 a3 28. b3 h5 29. Ne2
h4 $17) 27... a3 28. Rc2 (28. b3 Rd4 29. Kc2 (29. Rd1 $2 Rxd3 30. Qxd3 Bxc3 $19
) 29... Ke7 $19) 28... Rxb2+ 29. Rxb2 axb2 30. g4 Qxg4 31. Rxd6 (31. Ne4 Qg1+
32. Qd1 Qxd1+ 33. Rxd1 Ke7 34. Nxf6 Kxf6 35. Rxd6 Rb8 36. a4 Rb4 37. a5 Rxf4
38. a6 Ra4 39. Kxb2 Ke5 40. Rd7 f5 41. a7 h5 $19) 31... Qg1+ 32. Kxb2 Rg8 33.
Kb3 Rg2 34. Qd3 Qc1 (34... Qxh2 35. Rd7 Qxf4 $19) 35. f5 (35. Nd1 Qxf4 $19)
35... Qb2+ 36. Kc4 Rg4+ 37. Ne4 (37. Kc5 Qb4+ 38. Kc6 Rc4+ $19) 37... exf5 0-1

[Event "Bled op 21st"]
[Site "Bled"]
[Date "2000.03.28"]
[Round "4"]
[White "Mazi, Leon"]
[Black "Atalik, Suat"]
[Result "0-1"]
[WhiteElo "2380"]
[BlackElo "2575"]
[Annotator "Atalik,S"]
[PlyCount "86"]
[EventDate "2000.03.25"]
[EventType "swiss"]
[EventRounds "9"]
[EventCountry "SLO"]
[SourceTitle "EXT 2002"]
[Source "ChessBase"]
[SourceDate "2001.11.25"]
[SourceVersion "1"]
[SourceVersionDate "2001.11.25"]
[SourceQuality "1"]

1. e4 c5 2. Nf3 d6 3. d4 cxd4 4. Nxd4 Nf6 5. Nc3 Nc6 6. Bg5 e6 7. Qd2 a6 8.
O-O-O Nxd4 9. Qxd4 Be7 10. f3 $6 {Not the best against this particular system.}
Qc7 11. Kb1 b5 12. g4 Rb8 $1 (12... h5 13. gxh5 Qc5 (13... Nxh5 14. Bxe7 (14.
Bxb5+ axb5 15. Nxb5 Qa5 16. Bxe7 Qxa2+ 17. Kc1 Qa1+ 18. Kd2 Qa5+ 19. Ke3 Qxb5
20. c4 Qc6 21. Bxd6 $44) 14... Kxe7 15. e5 $36) 14. Qxc5 dxc5 15. h6 gxh6 16.
Be3 $14) 13. Bc1 (13. Be3 h6 14. h4 Nd7 $1 (14... b4) 15. f4 b4 16. Ne2 e5 17.
Qd3 (17. Qd2 Nf6) 17... Nc5 18. Bxc5 dxc5 19. f5 $140 $2 Bxf5 $1) 13... b4 $1 (
13... h6 14. h4 Nd7 15. Bg2 (15. f4 Bf6 16. Qxd6 Qxd6 17. Rxd6 Bxc3 18. bxc3
Bb7 19. Bg2 Nc5 20. Re1 Na4 21. Re3 Rc8 $11) 15... b4 16. Ne2 e5 17. Qd2 Nb6
18. Qxb4 d5 19. Qc3 Nc4 20. b3 d4 21. Qd3 Be6 $44) 14. Ne2 e5 15. Qd2 Be6 16.
Ng3 g6 17. g5 (17. h4 Nd7 18. h5 Nc5 19. b3 a5 $132) 17... Nd7 18. h4 a5 (18...
Nc5 19. b3 a5 $132) 19. h5 a4 (19... Bxg5 $2 20. Qxg5 Bxa2+ 21. Kxa2 Qxc2 22.
hxg6 fxg6 (22... Qa4+ 23. Kb1 b3 24. gxf7+ Kf8 25. Qh6+ Kxf7 26. Bc4+ Qxc4 27.
Nf5 $18) 23. Rxd6 $18) 20. Rh2 $2 (20. Bh3 Nc5 $1 (20... Bxh3 21. Rxh3 b3 (
21... Rf8 22. b3 Rc8 23. Rh2 Qa5 $13) 22. axb3 axb3 23. cxb3 Rf8 $44) 21. hxg6
fxg6 22. Bxe6 Nxe6 23. Qd5 Nxg5 24. f4 exf4 25. Bxf4 Nf7 $15) (20. hxg6 fxg6
21. Bh3 Nc5 22. f4 $2 exf4 23. Qxf4 b3 24. cxb3 axb3 25. a3 Bxh3 26. Rxh3 Nd3
27. Qd2 Rc8 $19) 20... Rf8 (20... Rg8 $142) 21. Bd3 $5 (21. b3 Qa5) 21... Nc5
22. Be2 b3 23. cxb3 axb3 (23... Bxb3 $2 24. axb3 axb3 25. Qd5 $1 $16 (25. Qc3
Qa7 26. Be3 Qa2+ 27. Kc1 Bd8 28. Bxc5 Bxg5+ 29. Be3 Bxe3+ 30. Qxe3 Rc8+ 31. Kd2
Qa5+ $11)) (23... Nxb3 $2 24. axb3 axb3 25. Qc3 Qa7 26. Qc6+ Bd7 27. Qa6 $18)
24. a3 Na4 $6 (24... Rg8 25. f4 exf4 26. Qxf4 Nd7 $15) 25. Nf1 $5 (25. Bd3 Nc5
26. Qc3 (26. Be2 Rg8) 26... Qd7) 25... Qc2+ $1 $40 26. Ka1 (26. Qxc2 bxc2+ 27.
Kxc2 Bb3+ 28. Kb1 (28. Kd2 Bxg5+ 29. Ke1 Bxd1 30. Bxd1 Bxc1 31. Bxa4+ Ke7 32.
b3 Rfc8 $19) 28... Nc3+ 29. bxc3 Bxd1+ $19) 26... Qxd2 27. Bxd2 (27. Nxd2 $2
Bxg5 28. Nc4 Bxc1 29. Rxc1 Ke7 30. Na5 Kf6 $17) 27... Kd7 28. Bb4 $2 (28. f4 $1
exf4 (28... Nc5 $6 29. fxe5 Nxe4 30. exd6 Nxd6 31. Bf4 $14) 29. Bxf4 Rfc8 30.
Ne3 Rc2 $2 31. Nxc2 bxc2 32. Rc1 Rxb2 33. Rxc2 Rb3 34. hxg6 hxg6 35. Bc4 Rxa3+
36. Kb1 Bxc4 37. Rxc4 Nc5 $11) 28... Rfc8 $1 (28... Rxb4 29. axb4 Bxg5 30. Bb5+
Ke7 31. hxg6 hxg6 32. Bc6 Bf4 33. Rh7 Nb6 34. b5 Bc4 $44) 29. Ne3 Rxb4 30. axb4
Bxg5 31. Nd5 Bxd5 32. exd5 Rc2 33. hxg6 hxg6 34. Bb5+ Ke7 35. Rdh1 Bf4 (35...
Nb6 36. Kb1 Rd2 37. Rxd2 Bxd2 38. Rd1 Bxb4 39. Rd3 Bc5 40. Bc6 Kf6 (40... f5 $2
41. Rxb3 g5 42. Kc2 g4 43. fxg4 f4 44. Kd3 $16) 41. Rxb3 Kf5 42. Be8 f6 43. Bf7
g5 44. Rb5 (44. Kc2 Kf4 45. Kd1 Nc4 $44) 44... Kf4 $44) 36. Rxc2 $2 (36. Re2 $1
Nb6 37. Kb1 Rc8 38. Bc6 Nc4 39. b5 Nd2+ 40. Rxd2 Bxd2 41. b6 Be3 42. b7 Rb8 43.
Rh4 Bf4 $17) 36... bxc2 37. Bxa4 c1=Q+ 38. Rxc1 Bxc1 39. Kb1 Bd2 40. b5 Ba5 41.
Kc2 $2 (41. b6 Bxb6 42. Kc2 Kf6 43. Kd3 Kf5 44. Be8 f6 $19) 41... Bb6 42. Kd2
Kf6 43. Ke2 Kf5 (43... Kf5 44. Bd1 Kf4 45. Kd3 f5 46. b3 g5 47. b4 Kg3 (47...
g4 48. fxg4 e4+ 49. Kd2 fxg4 50. Ke2 g3 51. Kf1 Ke3 52. Kg2 Kd2 53. Bg4 e3 54.
Kxg3 e2 55. Bxe2 Kxe2 56. Kf4 Kd3 57. Kf5 Kc3 58. Ke6 Bc7 59. Kd7 Bb8 60. Kc6 (
60. Kc8 Kxb4 61. b6 Kc5 62. Kb7 Kb5) 60... Kxb4 61. Kb6 Ka4 62. Ka6 (62. Kc6
Ka5) 62... Ba7 63. b6 Bb8 64. Kb7 (64. b7 Bc7 $19) 64... Kb5 $19) 48. Kd2 e4
49. fxe4 f4 50. e5 (50. Kd3 f3) 50... dxe5 51. Kd3 g4 52. Ke4 f3 53. d6 (53.
Kxe5 f2 54. Be2 Kh2 55. Kd6 g3 $19) 53... f2 54. Be2 Kh2 55. Kd5 g3 $19) 0-1

[Event "GRE-chT"]
[Site "Athens"]
[Date "1996.??.??"]
[Round "7"]
[White "Arakhamia Grant, Ketevan"]
[Black "Atalik, Suat"]
[Result "0-1"]
[WhiteElo "2480"]
[BlackElo "2535"]
[Annotator "Atalik,S"]
[PlyCount "60"]
[EventDate "1996.??.??"]
[EventType "team"]
[EventRounds "9"]
[EventCountry "GRE"]
[SourceTitle "CBM 055 Extra"]
[Source "ChessBase"]
[SourceDate "1997.01.01"]
[SourceVersion "1"]
[SourceVersionDate "1997.01.01"]
[SourceQuality "1"]

1. e4 c5 2. Nf3 d6 3. d4 cxd4 4. Nxd4 Nf6 5. Nc3 Nc6 6. Bg5 e6 7. Qd2 a6 8.
O-O-O h6 9. Be3 Be7 10. f3 Nxd4 11. Bxd4 b5 12. Qf2 $5 Bd7 13. g4 $6 (13. Bd3 {
Arakhamia} e5 (13... Qc8 14. Kb1 (14. g4 e5 15. Be3 $2 Bxg4 16. fxg4 Nxg4 17.
Qg3 Nxe3 18. Rde1 b4 19. Ne2 (19. Qxg7 Rf8 20. Ne2 Bg5 21. Kb1 Ke7 $19) 19...
Bg5) 14... b4 15. Ne2 e5 16. Be3 h5 $5) 14. Be3 (14. Bb6 Qb8 15. g4 b4 16. Nd5
(16. Ne2 Be6 $5 (16... d5 17. exd5 Nxd5 18. Bc5 Bg5+ 19. Kb1 Nc3+ 20. Nxc3 bxc3
21. b3)) 16... Nxd5 17. exd5 Bd8 18. Be3 Bg5 19. Bxg5 hxg5 20. h4 Qd8 $1 $10)
14... Be6 $13) 13... Qc8 $1 14. Kb1 b4 15. Ne2 e5 16. Be3 Be6 17. Bg2 (17. Ng3
d5) 17... a5 $5 (17... Rb8 18. h4 Nd7 19. g5 Nc5 20. gxh6 gxh6 21. Bxc5 Qxc5
22. Qxc5 dxc5 23. Bh3 Rg8 $1 $40) 18. h4 a4 19. Nc1 $1 b3 $1 (19... a3 20. b3
Qc3 21. Nd3) 20. cxb3 axb3 21. axb3 Qa6 $19 22. Rd3 d5 $1 23. g5 dxe4 $6 (23...
Nd7 24. exd5 $8 Bf5 25. Qe2 $8 Qa1+ 26. Kc2 Rc8+ 27. Kd1 Bxd3 28. Qxd3 Qxb2 $19
) (23... d4 24. gxf6 Qa1+ 25. Kc2 Rc8+ 26. Kd1 dxe3 27. Qxe3 gxf6 $1 28. Bh3
Qxb2 $17) 24. fxe4 Ng4 25. Qg3 Nxe3 26. Rxe3 $6 (26. Qxe3 Bc5 27. Qxc5 Qa1+ 28.
Kc2 Rc8 29. Qxc8+ Bxc8 $19) 26... Bc5 27. Rc3 Bd4 28. Rd1 Bxc3 29. bxc3 Qa1+
30. Kc2 Bxb3+ $1 (30... Bxb3+ $1 31. Kxb3 (31. Nxb3 Ra2+) (31. Kd3 Rd8+) 31...
Qb1+ 32. Kc4 Ra4+ 33. Kc5 Ra5+ 34. Kc6 Qb5+ 35. Kc7 Ra7+ 36. Kc8 Qb7#) 0-1

[Event "Karditsa"]
[Site "Karditsa"]
[Date "1996.??.??"]
[Round "1"]
[White "Kotronias, Vasilios"]
[Black "Atalik, Suat"]
[Result "1-0"]
[WhiteElo "2610"]
[BlackElo "2535"]
[Annotator "Atalik,S"]
[PlyCount "135"]
[EventDate "1996.03.??"]
[EventType "tourn"]
[EventRounds "9"]
[EventCountry "GRE"]
[EventCategory "12"]
[SourceTitle "CBM 053"]
[Source "ChessBase"]
[SourceDate "1996.08.01"]
[SourceVersion "1"]
[SourceVersionDate "1996.08.01"]
[SourceQuality "1"]

1. e4 c5 2. Nf3 d6 3. d4 cxd4 4. Nxd4 Nf6 5. Nc3 Nc6 6. Bg5 e6 7. Qd2 a6 8.
O-O-O h6 9. Bf4 Bd7 10. Nxc6 Bxc6 11. f3 d5 12. Qe1 Bb4 13. a3 Ba5 14. Bd2 d4
15. Na2 Bxd2+ (15... Bb6 16. Qg3 Bc7 {Istratescu} 17. Bf4 Nh5 (17... Bxf4+ 18.
Qxf4 Nh5 19. Qd2 e5) 18. Bxc7 Nxg3 19. Bxd8 Nxh1 20. Bb6) 16. Rxd2 Qb6 (16...
Qa5 17. Qg3 Qg5 18. Qxg5 hxg5 19. Rxd4 e5 20. Rd2 g4 21. Be2 g3 22. h3 Nh5 23.
Rhd1 Nf4 24. Bf1 $44) (16... Rc8 17. c3 (17. e5 Nd7 18. Rxd4 Qc7) (17. Qg3 O-O
18. Qe5 Ba4 19. c3 Bb3 20. Rxd4 Qxd4 21. Qxd4 Rfd8 22. Kb1 Rxd4 23. cxd4 Rd8 (
23... Bxa2+ 24. Kxa2 Rc1 25. g3 Rd1 26. Kb3)) (17. Qf2 Ba4 18. Rxd4 (18. c3 e5
19. Qg3 Qa5 20. Qxg7 Ke7 21. Qg3 Bb3 22. Nb4 dxc3 23. Nd5+ Nxd5 (23... Bxd5 24.
Qxe5+ Kd7 25. Qf5+ Kc7 26. Qe5+ Kd7 27. Qf5+ Ke7 28. Qe5+ Kf8 29. Rxd5) 24.
Qxe5+ Kd7 25. Qf5+ Kc7) 18... Rxc2+ 19. Qxc2 Qxd4 20. Qc8+ Qd8 21. Qxd8+ Kxd8)
(17. Kb1 {Moldovan} Qa5 18. Nb4 e5) 17... Ba4 (17... e5 18. Qg3 Qa5 19. Qxg7
Ke7 20. Bc4 Rh7 21. Qg3 Bxe4) 18. e5 (18. Kb1 e5 19. Qg3 Qa5 20. Qxg7 Ke7 21.
Qg3 Bb3 22. Nb4 dxc3 23. Nd5+ Bxd5 (23... Nxd5 24. Qxe5+ Kd7 25. bxc3 Qxc3 26.
Qxc3 Rxc3 27. Kb2 Rhc8 28. exd5 Ba4) 24. Qxe5+ Kd7) 18... Bb3 19. exf6 Bxa2 20.
fxg7 Rg8 21. Qe5) 17. Qf2 Rd8 18. e5 Nd7 19. Nb4 Nxe5 (19... Rc8 20. Nxc6 (20.
Rxd4 Nxe5 21. f4 Ng4 22. Qd2 $36) 20... Rxc6 21. Qxd4 Qxd4 22. Rxd4 Nxe5 23. h4
Ke7 $40) 20. Qg3 Ng6 21. Bd3 O-O 22. Bxg6 fxg6 23. Qxg6 Rf6 (23... Be8 $5 24.
Qg3 Kh7 $132) 24. Qg4 a5 (24... Bb5 25. Re1 $1) (24... Qc7 25. Rxd4) 25. Nd3
Rd5 (25... Qc7 26. Qg3 $16) 26. Re1 Rg5 $8 27. Qh3 (27. Qh4 Rb5) 27... Qb5 28.
f4 Rh5 29. Qg3 Qd5 $1 (29... Qc4 30. Ne5 Qa2 31. Rxd4 Qa1+ 32. Kd2 Qxb2 33.
Rd8+ Rf8 34. Rxf8+ Kxf8 35. Re3 $16 Bd5) 30. Kb1 Qd6 31. h3 (31. Re5 Rhf5 $132)
31... Rhf5 (31... Rg5 32. fxg5 Qxg3 33. gxf6 Bd5 34. fxg7 $16) 32. Qf2 Bb5 $2 (
32... Rb5 33. Ne5 $140 $2 (33. Re5 Rf5 34. Rxf5 exf5 35. Ka1 Be4 36. Ne5 Qb6)
33... Qxa3 34. Qxd4 Rb4 35. Qd8+ Rf8 $19) 33. g3 Bxd3 34. Rxd3 e5 35. Qd2 Qd5
36. Rd1 (36. fxe5) 36... Qe6 $138 (36... exf4 37. Rxd4 Qf3 38. Rd3 Qc6 39. gxf4
$14) 37. Re1 Qd5 38. fxe5 Rxe5 39. Rd1 Qe6 40. g4 Re2 41. Qxa5 Qc4 (41... Rff2
42. Rc1 Qc4 43. Qd8+) 42. R3d2 Rff2 43. Qd8+ Kh7 44. Qxd4 Qxd4 45. Rxd4 Rxc2
46. Rb4 Rc7 47. Rd3 Rf6 48. Rdb3 Rff7 49. Ka2 Kg6 50. Rb5 Rfe7 51. Rf3 Re6 52.
Rf8 Kh7 53. Rb8 Ree7 54. a4 Kg6 55. Rd8 Re3 56. Rd6+ Kf7 57. Rdb6 Ree7 58. Ra5
Red7 59. Ra8 Ke7 60. Rb8 Kf7 61. Ka3 Re7 62. b3 Rcd7 63. h4 Rc7 64. g5 hxg5 65.
hxg5 g6 66. Rh8 Kg7 67. Rh6 Rc5 68. Rbxg6+ 1-0